000 00474nam a2200169Ia 4500
008 110201s9999 xx 000 0 und d
082 _bB1294
_aK 1114
100 _aपाध्ये भाऊ
245 _aअग्रेसर
260 _bजी.एम.प्रभू
365 _b6
600 _aपाध्ये भाऊ
630 _aअग्रेसर
700 _aपाध्ये भाऊ
730 _aअग्रेसर
942 _cBOOK
999 _c828585
_d828582